000 00720nam a2200181Ia 4500
008 090124s9999 xx 000 0 und d
082 _b9337
100 _aवैद्य प्रभाकर
245 _a महात्मा फुले आणि त्यांची परंपरा
250 _a1
260 _bलोकवाड्.मय गृह
_c1974
300 _a257
600 _aवैद्य प्रभाकर
630 _a महात्मा फुले आणि त्यांची परंपरा
700 _aवैद्य प्रभाकर
730 _a महात्मा फुले आणि त्यांची परंपरा
942 _cBOOK
999 _c85785
_d85785